| 000 | 01234nac a22003371u 4500 | ||
|---|---|---|---|
| 003 | EG-ScBUE | ||
| 005 | 20220830101124.0 | ||
| 008 | 200219r20031994enka f b 001 0 eng d | ||
| 020 | _a9780500277515 | ||
| 020 | _a0500277516 | ||
| 040 |
_aEG-ScBUE _beng _erda _cEG-ScBUE _dEG-ScBUE |
||
| 082 | 0 | 4 |
_a709.32 _bWIL _222 |
| 100 | 1 |
_aWilkinson, Richard H., _eauthor. |
|
| 245 | 1 | 0 |
_aReading Egyptian art : _ba hieroglyphic guide to ancient Egyptian painting and sculpture / _cRichard H. Wilkinson. |
| 250 | _aReprinted edition. | ||
| 264 | 1 |
_aLondon : _bThames & Hudson Ltd., _c2003. |
|
| 300 |
_a224 pages : _billustrations (some color) ; _c24 cm |
||
| 336 |
_2rdacontent _atext _btxt |
||
| 337 |
_2rdamedia _aunmediated _bn |
||
| 338 |
_2rdacarrier _avolume _bnc |
||
| 500 | _aEnglish text with Hieroglyphic Egyptian vocabulary. | ||
| 504 | _aIncludes bibliographical references and index. | ||
| 650 | 7 |
_aArt, Egyptian _xThemes, motives. _2BUEsh |
|
| 650 | 7 |
_aArt, Ancient _zEgypt _xThemes, motives. _2BUEsh |
|
| 650 | 7 |
_aSigns and symbols in art. _2BUEsh |
|
| 650 | 7 |
_aEgyptian language _xWriting, Hieroglyphic. _2BUEsh |
|
| 651 | _2BUEsh | ||
| 653 | _bART | ||
| 655 |
_vReading book _934232 |
||
| 942 |
_cBB _k709.32 WIL _2ddc |
||
| 999 |
_c10001 _d10001 |
||